Ibe - kaikki biisit - Statistics

Yleistilastot
  • Tätä visaa on pelattu 32 kertaa
  • Keskiarvotulos 24 / 98
Vastaustilastot
Albumi Biisi % Oikein
NON2EN2E ORANSSI
73%
single Marraskuu
68%
perkele! sateenkaarenpää
68%
RÄPPÄRI Blondina
59%
perkele! molemmat
55%
RÄPPÄRI FAMOUS
50%
single shoppaa
45%
RÄPPÄRI SKYLINE
45%
RÄPPÄRI VYYHTI (ettiny aitoo rakkaut)
45%
RÄPPÄRI BISNESMIES
41%
RÄPPÄRI DIIPIMPÄÄ
41%
single ikilapsi
41%
X Lohikäärme
41%
X Akvaario
36%
IBELIUS iClout
36%
RÄPPÄRI KÄVELLÄÄN
36%
single MASIINA
36%
single TIEN PÄÄL
36%
NONSENSE BULI
32%
IBELIUS ibelius
32%
IBE <3
32%
IBE Rakastuminen
32%
NON2EN2E WEST SIDE BABY
32%
ViO 150
27%
ViO alienbaby
27%
ViO cheek
27%
X Darius
27%
single Eurovisioit
27%
perkele! inseptio
27%
IBELIUS Kaukan Mut Lähel
27%
single KIRPPARINARKKARI
27%
ViO Kuolematon
27%
NON2EN2E LEDIVALO
27%
BLOCKFEST PACK Legenda
27%
single less is more
27%
X Näkymätön
27%
IBE Sokeri
27%
IBELIUS 39N
23%
X Crazy Man Music
23%
perkele! ei roudareit
23%
single Luota Muhun
23%
RÄPPÄRI MÄ EN VOI HÄVII
23%
Unitas Sigma Mitä tänne jää
23%
RÄPPÄRI PATO
23%
X Puu
23%
ViO Sateeseen
23%
IBELIUS SauceMan
23%
IBELIUS Stadi On Kylmä
23%
BLOCKFEST PACK Terapia
23%
single Tonnin Stiflat
23%
RÄPPÄRI VENAA (mul on ongelma)
23%
X Ajattelin väärin
18%
perkele! e-girl
18%
ViO EriMinä
18%
perkele! huuto
18%
IBELIUS Kendama
18%
single kesäst kesään (kesäbiisi)
18%
perkele! kestävää
18%
RÄPPÄRI KOITIT SOITTAA
18%
X Kunniaksi
18%
NONSENSE KUU-UKKO
18%
perkele! marlboro
18%
ViO NiinPaljon
18%
NONSENSE NONSENSE
18%
X Omistaa
18%
NON2EN2E PILVIEN PÄÄL
18%
X Tarpeeks
18%
perkele! Tuliks Selväks?
18%
single Tunteet
18%
NONSENSE VIRAALI
18%
NON2EN2E X5
18%
perkele! älä maindaa
14%
IBELIUS EDGY
14%
IBE HEI
14%
ViO Huayra (I Made It)
14%
ViO jäässä
14%
NONSENSE KERRO MULLE
14%
ViO Kirous (GWTB)
14%
IBE Klubi
14%
ViO MeitsiOn
14%
NON2EN2E NÄYTTELIJÄ
14%
IBELIUS Paranoidi
14%
ViO Siunaus
14%
NON2EN2E TRAGEDIA
14%
ViO Y****
14%
IBELIUS Cudi
9%
NON2EN2E JÄRKEE
9%
IBE Keskusteluja
9%
single Monologi
9%
single Oma iTT3s
9%
NONSENSE ONLINE - OFFLINE
9%
NONSENSE SUDET
9%
RÄPPÄRI TARVIIN JOTAIN
9%
ViO Testi
9%
BLOCKFEST PACK VPN
9%
single Kanakori
5%
IBE Tärykalvomurha
5%
single Vika Päivä
5%
Ehtoja vastaavia visoja ei löytynyt
Tulosjakauma
Jokaisen tuloksen saaneiden osuus
Persentiili vastausten määrän mukaan
Tuloshistoriasi
Et ole pelannut tätä visaa